Applications of Mössbauer spectroscopy in mineralogy /

Gespeichert in:
Bibliographische Detailangaben
Hauptverfasser: Sitek, Jozef, 1944- (Verfasst von), Sedlačková, Katarína, 1977- (Verfasst von), Dekan, Július, 1980- (Verfasst von)
Format: Buch
Sprache:Englisch
Veröffentlicht: Saarbrücken : Lambert Academic Publishing, 2017
Ausgabe:1. vyd.
Tags: Tag hinzufügen
Keine Tags, Fügen Sie das erste Tag hinzu!

MARC

LEADER 00000nam a22000003a 4500
001 0025932
003 SK-STU
005 20220225112108.0
007 ta
008 170504s ----xo-----e------000-0-----d
020 |a 978-620-2-00909-6 
040 |a STU  |b slo 
041 0 |a eng 
044 |a gw 
100 1 |a Sitek, Jozef,  |d 1944-  |u 036000  |r Z8  |9 40  |4 aut  |U FEI Fakulta elektrotechniky a informatiky  |T FEI Ústav jadrového a fyzikálneho inžinierstva  |X 2105  |U E060  |Y 817  |7 A000002105 
245 1 0 |a Applications of Mössbauer spectroscopy in mineralogy /  |c aut. Jozef Sitek, Katarína Sedlačková, Július Dekan 
250 |a 1. vyd. 
260 |a Saarbrücken :  |b Lambert Academic Publishing,  |c 2017 
300 |a 53 p. 
700 1 |a Sedlačková, Katarína,  |d 1977-  |u 036000  |r Z8  |4 aut  |9 30  |U FEI Fakulta elektrotechniky a informatiky  |T FEI Ústav jadrového a fyzikálneho inžinierstva  |X 45198  |U E060  |Y 817  |7 A000045198 
700 1 |a Dekan, Július,  |d 1980-  |u 036000  |r Z2  |4 aut  |9 30  |U FEI Fakulta elektrotechniky a informatiky  |T FEI Ústav jadrového a fyzikálneho inžinierstva  |X 10201  |U E060  |Y 817  |7 A000010201 
996 |b 284EK89915  |c E* 89915  |l EE36  |s P  |a 0  |w 0025932_0001